| 000 | 04335nam a22002417a 4500 | ||
|---|---|---|---|
| 001 | 6692 | ||
| 003 | FISKH | ||
| 005 | 20250521102322.0 | ||
| 008 | 250521b cb ||||| |||| 00| 0 eng d | ||
| 040 |
_aFISKH _bkhr _cFISKH _dFISKH |
||
| 082 | _a781.62009596 | ||
| 100 | _aNarom, Keo | ||
| 245 |
_aតន្រ្តីនិងជីវិតខ្មែរ / _cបណ្ឌិត កែវ ណារុំ |
||
| 250 | _aបោះពុម្ពលើកទី២ | ||
| 260 |
_aភ្នំពេញ : _bបណ្ណាល័យ ឆពណ្ណរង្សី , _c២០១១ . |
||
| 300 |
_a299 pages : _billustrations, maps ; _c21 cm . |
||
| 520 | _aសៀវភៅ "តន្រ្តីនិងជីវិតខ្មែរ" ដែលសរសេរដោយ អ្នកស្រី កែវ ណារុំ គឺជាស្នាដៃដែលសិក្សាអំពីទំនាក់ទំនងជាខ្លាំងរវាងតន្រ្តីប្រពៃណីខ្មែរ និងវប្បធម៌ ចិត្តវិញ្ញាណ និងសង្គមរបស់ជីវិតប្រជាជនខ្មែរ។ សៀវភៅនេះរំលឹកពីរបៀបដែលតន្រ្តីក្លាយជាវិធីបង្ហាញរឿងរ៉ាវ ការសម្ដែងអារម្មណ៍ និងការថែរក្សាអត្តសញ្ញាណខ្មែរ ជាពិសេសក្នុងស្ថានភាពមានការរអាក់រអួលក្នុងប្រវត្តិសាស្ត្រ។ តាមរយៈស្នាដៃនេះ អ្នកស្រីកែវ ណារុំ បានបង្ហាញពីតួនាទីសំខាន់នៃតន្រ្តីក្នុងពិធីប្រជុំប្រជា ពិធីបុណ្យនានា និងក្នុងជីវិតប្រចាំថ្ងៃ ដោយបញ្ជាក់ថា តន្រ្តីមានន័យជាងការកំសាន្តទេ។ សៀវភៅនេះក៏បានបញ្ជាក់ពីបញ្ហា និងអាក្រក់ស្ថានភាពដែលតន្រ្តីប្រពៃណីកំពុងប្រឈមនៅកម្ពុជាសម័យបច្ចុប្បន្ន និងការខិតខំក្នុងការរក្សា និងស្ដារឡើងវិញនូវមរតកវប្បធម៌ដ៏មានតម្លៃនេះ។ ជាសរុប សៀវភៅ "តន្រ្តីនិងជីវិតខ្មែរ" ជាស្នាដៃដែលផ្តល់ជាការយល់ដឹងទូលំទូលាយអំពីរបៀបដែលតន្រ្តីបានសម្របសម្រួលជាមួយនឹងសារៈសំខាន់នៃវប្បធម៌ខ្មែរ ដោយធ្វើជាកែវសម្គាល់ និងអ្នកថែរក្សាប្រពៃណីដ៏សម្បូរបែបនៃជាតិខ្មែរ។ | ||
| 520 | _aThe book "Music and Khmer Life" by Kea Narum explores the profound connection between traditional Khmer music and the cultural, spiritual, and social fabric of Cambodian life. It delves into how music serves as a medium for storytelling, emotional expression, and the preservation of Khmer identity, especially in the face of historical upheavals. Through this work, Kea Narum highlights the role of music in community rituals, celebrations, and daily life, illustrating its significance beyond mere entertainment. The book also addresses the challenges faced by traditional music in contemporary Cambodia and the efforts to revitalize and sustain this cultural heritage. Overall, "Music and Khmer Life" offers a comprehensive look at how music intertwines with the essence of Cambodian culture, serving as both a reflection and a custodian of its rich traditions. | ||
| 650 | _aប្រទេសកម្ពុជា -- ជីវិតសង្គម និងទំនៀមទម្លាប់ | ||
| 650 | _aCambodia -- Social life and customs | ||
| 942 |
_2ddc _cKHB _n0 |
||
| 999 |
_c6692 _d6692 |
||